01255nam a2200313Ia 4500001001200000003000800012006001900020007001500039008004100054020002200095020002500117020002200142020002500164040002100189035002100210050002500231245011300256260009700369300001900466504005100485533015200536650002200688650001900710655002900729700002500758710001700783856012600800999001500926ebr10285235CaPaEBRm u cr cn|||||||||061016s2007 enka sb 001 0 eng d z1412930707 (hbk.) z9781412930710 (pbk.) z1412930715 (pbk.) z9781412930703 (hbk.) aCaPaEBRcCaPaEBR a(OCoLC)32098204014aRA427.8b.T53 2007eb00aTheory and research in promoting public healthh[electronic resource] /cedited by Sarah Earle ... [et al.]. aLondon :bSAGE ;aMilton Keynes [England] :bIn association with The Open University,c2007. a408 p. :bill. aIncludes bibliographical references and index. aElectronic reproduction.bPalo Alto, Calif. :cebrary,d2009.nAvailable via World Wide Web.nAccess may be limited to ebrary affiliated libraries. 0aHealth promotion. 0aPublic health. 7aElectronic books.2local1 aEarle, Sarah,d1972-2 aebrary, Inc.40uhttp://site.ebrary.com/lib/rucke/Doc?id=10285235zAn electronic book accessible through the World Wide Web; click to view c1884d1884